00448nam a22001337a 4500040000900000082001600009100004700025245002600072260004600098650003400144942001200178999001900190952010500209 cNust a297.63bMUB aMaulana Safi Ur Rehman Mubarakpuri9125852 aTajalliyat-E- Nabuwat aLahore:bDar-ul- Salam Publishers,c1997. aTajalliyat-E- Nabuwat9125853 2ddccBK c611507d611507 00102ddc4070aCEMEbCEMEcGENd2024-09-12l0o297.63 MUBpCEME- 38367r2024-09-12w2024-09-12yBK